| 000 | 00568nam a2200145Ia 4500 | ||
|---|---|---|---|
| 008 | 170221s9999 xx 000 0 und d | ||
| 100 | _aMeyske A. Rahantoknam | ||
| 245 | _aLoyalty or Inertia? Customer Perspective on Traditional Micro-Retailing of Fisheries Commodities in Small Islands Coastal Area | ||
| 245 | _cMeyske A. Rahantoknam, Wellem A. Teniwut, Anna M. Ngabalin | ||
| 260 | _bInternational Review of Management and Marketing | ||
| 260 | _cNovember 2016 | ||
| 300 | _a5:4 | ||
| 650 | _xMarketing. | ||
| 856 | _uhttp://www.econjournals.com/index.php/irmm | ||
| 999 |
_c309933 _d309933 |
||